000 003010000a22000970004500
100 1 _aEastman, Susan (1939- )
245 1 0 _aThe evil eye and the curse of the law : Galatians 3.1 revisited
300 _aNúm 83 (2001), Páginas 66-87
773 0 _tJournal for the Study of the New Testament
942 _cANA
999 _c55903
_d55903